[Event "World Blitz 2025"]
[Site "Doha QAT"]
[Date "2025.12.30"]
[Round "14.12"]
[White "Keymer, Vincent"]
[Black "Aronian, Levon"]
[Result "1/2-1/2"]
[WhiteTitle "GM"]
[BlackTitle "GM"]
[WhiteElo "2776"]
[BlackElo "2729"]
[WhiteFideId "12940690"]
[BlackFideId "13300474"]
[EventDate "2025.12.29"]

1. c4 e6 2. Nc3 d5 3. d4 Nf6 4. cxd5 exd5 5. Bg5 Be7 6. e3 h6 7. Bh4 O-O 8. Bd3
Re8 9. Nge2 c6 10. O-O Nbd7 11. a4 Nh5 12. Bxe7 Qxe7 13. Qd2 a5 14. Rae1 Nb6 15.
Nc1 Nf6 16. Qe2 Be6 17. Bc2 Rac8 18. Nb3 Nc4 19. Nc5 b6 20. Nxe6 Qxe6 21. Bd3
Nd6 22. Rc1 c5 23. Ba6 Rc7 24. Nb5 Nxb5 25. Bxb5 Ree7 26. Qd1 c4 27. b3 Ne4 28.
bxc4 dxc4 29. d5 Qe5 30. Bxc4 Rc5 31. Bb3 Nc3 32. Qd3 Rec7 33. Rc2 Nxd5 34. Rxc5
Rxc5 35. Rd1 Nc7 36. Qd8+ Qe8 37. Qd6 Rc6 38. Qd4 Ne6 39. Qe4 Qc8 40. h4 Rc1 41.
Rxc1 Qxc1+ 42. Kh2 Qc7+ 43. g3 Qd6 44. Qd5 Qxd5 45. Bxd5 Nc5 46. Bc6 Kf8 47. Kg2
Ke7 48. Kf3 Kd6 49. Be8 Ke6 50. e4 f5 51. exf5+ Kxf5 52. Ke3 Ke5 53. f4+ Kf5 54.
Kf3 Ke6 55. g4 Kd5 56. g5 hxg5 57. fxg5 Ke5 58. Kg4 Ke6 59. Kh5 Ke7 60. Bb5 Kf8
61. Kg6 Ne6 62. Bc6 Nd4 63. Be4 b5 64. axb5 Nxb5 65. h5 Kg8 66. Bd5+ Kh8 67. h6
gxh6 68. Kxh6 Nd4 69. g6 Nf5+ 70. Kg5 Ne7 71. Bb3 1/2-1/2

[Event "World Blitz 2025"]
[Site "Doha QAT"]
[Date "2025.12.30"]
[Round "14.13"]
[White "Duda, Jan-Krzysztof"]
[Black "Rapport, Richard"]
[Result "1-0"]
[WhiteTitle "GM"]
[BlackTitle "GM"]
[WhiteElo "2729"]
[BlackElo "2741"]
[WhiteFideId "1170546"]
[BlackFideId "738590"]
[EventDate "2025.12.29"]

1. e4 c5 2. Nf3 Nc6 3. Nc3 e5 4. Bc4 d6 5. d3 Be7 6. a3 Nf6 7. O-O O-O 8. h3 a6
9. Bg5 Ne8 10. Be3 Kh8 11. Nd5 b5 12. Ba2 a5 13. b4 axb4 14. axb4 Nxb4 15. Nxb4
cxb4 16. Qd2 f5 17. Qxb4 fxe4 18. dxe4 Bxh3 19. Bd5 Rc8 20. Ra7 Rxf3 21. gxf3
Bg5 22. Qa5 Qf6 23. Rf7 Qg6 24. Rf8# 1-0

[Event "World Blitz 2025"]
[Site "Doha QAT"]
[Date "2025.12.30"]
[Round "14.14"]
[White "Artemiev, Vladislav"]
[Black "Lazavik, Denis"]
[Result "1/2-1/2"]
[WhiteTitle "GM"]
[BlackTitle "GM"]
[WhiteElo "2641"]
[BlackElo "2605"]
[WhiteFideId "24101605"]
[BlackFideId "13515110"]
[EventDate "2025.12.29"]

1. e4 e5 2. Nf3 Nc6 3. Bb5 a6 4. Ba4 Nf6 5. O-O Be7 6. Re1 b5 7. Bb3 O-O 8. h3
Bb7 9. d3 d5 10. exd5 Nxd5 11. a4 Ndb4 12. Nbd2 Na5 13. Nxe5 Nxb3 14. Nxb3 Qd5
15. Nf3 Qd7 16. Re3 Nd5 17. Re5 Bd6 18. Re1 Rae8 19. axb5 axb5 20. Bd2 Rxe1+ 21.
Qxe1 Re8 22. Qd1 Nf6 23. Be3 Bd5 24. Nbd2 h6 25. c4 bxc4 26. dxc4 Ba8 27. Qb3
Bf8 28. Qc3 Ne4 29. Nxe4 Bxe4 30. Qd4 Qf5 31. Ne1 Bd6 32. Qd2 Qg6 33. Bf4 Bc5
34. b4 Bf8 35. Bxc7 Qc6 36. Bg3 Qxc4 37. b5 1/2-1/2

[Event "World Blitz 2025"]
[Site "Doha QAT"]
[Date "2025.12.30"]
[Round "14.15"]
[White "Nihal, Sarin"]
[Black "Gukesh, D"]
[Result "0-1"]
[WhiteTitle "GM"]
[BlackTitle "GM"]
[WhiteElo "2701"]
[BlackElo "2754"]
[WhiteFideId "25092340"]
[BlackFideId "46616543"]
[EventDate "2025.12.29"]

1. Nf3 d5 2. b3 Bf5 3. Bb2 e6 4. g3 h6 5. Bg2 Nf6 6. O-O c6 7. d3 Be7 8. Nbd2
Nbd7 9. c4 O-O 10. a3 a5 11. Ra2 Bh7 12. Qa1 b5 13. Rc1 Qb6 14. cxd5 cxd5 15.
Bd4 Qb7 16. Rac2 Rfc8 17. Ne5 Rxc2 18. Rxc2 Rc8 19. Rxc8+ Qxc8 20. Nxd7 Qxd7 21.
Qc3 b4 22. axb4 Bxb4 23. Qc1 Ne8 24. Nf3 f6 25. Bh3 Nd6 26. Bb6 Bf5 27. Bg2 e5
28. h4 Nb5 29. Be3 Nc3 30. Bf1 d4 31. Bd2 Be6 32. e3 Qd5 33. Nh2 Qxb3 34. exd4
exd4 35. Bxh6 Qd1 36. Qxd1 Nxd1 37. Bc1 Be1 38. Be2 Bxf2+ 39. Kg2 Be3 40. Bxd1
Bxc1 41. Ba4 Bd5+ 42. Kf1 Kf7 43. Ke2 Ke6 44. Nf3 Bb2 45. g4 Kd6 46. h5 Be6 47.
g5 fxg5 48. Nxg5 Bg4+ 49. Kd2 Bxh5 50. Ne4+ Ke5 51. Kc2 Ba3 52. Nd2 Bb4 53. Nc4+
Kf4 54. Nb6 g5 55. Nd5+ Ke5 56. Nb6 g4 57. Bc6 Kf4 58. Nd5+ Kg5 59. Kb3 Bf7 60.
Kc4 g3 61. Kxd4 g2 0-1

[Event "World Blitz 2025"]
[Site "Doha QAT"]
[Date "2025.12.30"]
[Round "14.16"]
[White "Robson, Ray"]
[Black "Amar, Elham"]
[Result "0-1"]
[WhiteTitle "GM"]
[BlackTitle "GM"]
[WhiteElo "2650"]
[BlackElo "2592"]
[WhiteFideId "2023970"]
[BlackFideId "1533533"]
[EventDate "2025.12.29"]

1. d4 Nf6 2. c4 e6 3. Nc3 Bb4 4. e3 b6 5. Bd3 Bb7 6. Nf3 O-O 7. O-O c5 8. Re1
cxd4 9. exd4 d5 10. Bg5 dxc4 11. Bxc4 Nbd7 12. Rc1 Rc8 13. Bd3 Be7 14. Bb1 Re8
15. Qd3 g6 16. a3 a6 17. Rcd1 Nd5 18. Ne4 Bxg5 19. Nexg5 Nf4 20. Qd2 Nd5 21. h4
N7f6 22. Ne5 Rc7 23. Ba2 Kg7 24. Rc1 Rce7 25. Rc2 h6 26. Ngf3 Nh5 27. Rcc1 Nhf6
28. Bb1 Nh5 29. g3 Nhf6 30. Qd3 Rg8 31. Nxg6 fxg6 32. Qxg6+ Kh8 33. Qxh6+ Nh7
34. Rxe6 Reg7 35. Ng5 Nf6 36. Bxh7 Nxh7 37. Rce1 Qd5 38. R1e4 Qf5 39. Rf4 Qb1+ 0-1

[Event "World Blitz 2025"]
[Site "Doha QAT"]
[Date "2025.12.30"]
[Round "14.17"]
[White "Sindarov, Javokhir"]
[Black "Hakobyan, Aram"]
[Result "1-0"]
[WhiteTitle "GM"]
[BlackTitle "GM"]
[WhiteElo "2726"]
[BlackElo "2613"]
[WhiteFideId "14205483"]
[BlackFideId "13306677"]
[EventDate "2025.12.29"]

1. Nf3 d5 2. c4 d4 3. b4 c6 4. a3 g6 5. d3 Bg7 6. g3 e5 7. Bg2 Ne7 8. O-O O-O 9.
Nbd2 h6 10. Rb1 Be6 11. Nb3 Nd7 12. Re1 Qc7 13. e3 dxe3 14. Bxe3 Rad8 15. Qc2
Nf5 16. Bc1 Nd6 17. Bb2 f6 18. Rbd1 Rfe8 19. h3 Bf7 20. Re2 Nf8 21. Rde1 Ne6 22.
c5 Nf5 23. d4 Nfxd4 24. Nfxd4 Nxd4 25. Nxd4 exd4 26. Rxe8+ Rxe8 27. Rxe8+ Bxe8
28. Bxd4 f5 29. Be3 Bf7 30. a4 a6 31. Qd3 Be6 32. b5 axb5 33. axb5 cxb5 34. Qxb5
Bc8 35. Qe8+ Kh7 36. Bd5 1-0

[Event "World Blitz 2025"]
[Site "Doha QAT"]
[Date "2025.12.30"]
[Round "14.18"]
[White "Sevian, Samuel"]
[Black "Mamedov, Edgar"]
[Result "1-0"]
[WhiteTitle "GM"]
[BlackTitle "GM"]
[WhiteElo "2688"]
[BlackElo "2492"]
[WhiteFideId "2040506"]
[BlackFideId "13739980"]
[EventDate "2025.12.29"]

1. Nf3 d5 2. c4 e6 3. g3 Nf6 4. Bg2 Be7 5. O-O O-O 6. d4 c6 7. Qc2 b6 8. Rd1
Nbd7 9. b3 Bb7 10. Nc3 Ba6 11. Bf4 Rc8 12. e4 dxc4 13. Nd2 b5 14. bxc4 bxc4 15.
Nf3 Qa5 16. h4 Bb4 17. Bd2 Nb6 18. a3 Bxc3 19. Bxc3 Qa4 20. Qe2 Qb3 21. Bb4 Rfe8
22. Rab1 c3 23. Qe3 Qc2 24. Ne1 Qe2 25. Bxc3 Qxe3 26. fxe3 Ng4 27. Nc2 c5 28. d5
exd5 29. Bh3 h5 30. exd5 Be2 31. Rd2 Bf3 32. d6 Rcd8 33. Ba5 Nc4 34. Bxd8 Nxd2
35. Rb8 Bc6 36. Bg2 Bxg2 37. d7 Rf8 38. Bc7 Be4 1-0

[Event "World Blitz 2025"]
[Site "Doha QAT"]
[Date "2025.12.30"]
[Round "14.19"]
[White "Zemlyanskii, Ivan"]
[Black "Le, Quang Liem"]
[Result "0-1"]
[WhiteTitle "GM"]
[BlackTitle "GM"]
[WhiteElo "2592"]
[BlackElo "2731"]
[WhiteFideId "24249971"]
[BlackFideId "12401137"]
[EventDate "2025.12.29"]

1. e4 e5 2. Nf3 Nc6 3. Bc4 Bc5 4. c3 Nf6 5. d3 d6 6. Bg5 h6 7. Bh4 a6 8. Nbd2
Ba7 9. O-O g5 10. Bg3 Qe7 11. b4 Nd7 12. Kh1 Nf8 13. Ng1 h5 14. f3 Ng6 15. a4 h4
16. Bf2 Bxf2 17. Rxf2 Qf6 18. Qe1 Nf4 19. Nf1 Be6 20. Qd2 Ne7 21. Ne3 O-O-O 22.
Bxe6+ Qxe6 23. c4 Nc6 24. Nf5 Ne7 25. Nxe7+ Qxe7 26. b5 axb5 27. axb5 Kd7 28.
Rd1 Ra8 29. d4 Ra4 30. Qc3 f6 31. c5 Rxd4 32. c6+ bxc6 33. Qxc6+ Ke6 34. Rxd4
exd4 35. Qc4+ Kd7 36. Rc2 Rc8 37. Qxd4 Qe5 38. Qc4 Ne6 39. Qc6+ Ke7 40. b6 Qa5
41. Qb7 Qa8 42. Qxa8 Rxa8 43. bxc7 Kd7 44. g3 hxg3 45. hxg3 Nxc7 46. Kg2 Ne6 47.
Kh3 Nd4 48. Rc1 Ra3 49. Kg4 Ke6 50. Rc4 Rd3 51. Rc8 Rd1 52. Rc4 d5 53. Ra4 dxe4
54. fxe4 Rd3 55. Ra5 Nc6 56. Ra6 Rd6 57. Kh5 Ne5 58. Rxd6+ Kxd6 59. Ne2 Nd7 60.
Kg4 Ke5 61. Kf3 Nc5 62. Nc3 Kd4 63. Nb5+ Kd3 64. Nd6 Kd4 65. Nb5+ Kc4 66. Nd6+
Kd3 67. Ne8 Nxe4 68. Kg4 Ke3 69. Kf5 Nxg3+ 70. Kxf6 Kf4 71. Ng7 Ne4+ 72. Kg6 g4
73. Ne6+ Ke3 74. Ng7 Kf3 75. Nf5 Kf4 76. Nh4 g3 77. Ng2+ Kf3 78. Ne1+ Kf2 79.
Nd3+ Ke3 80. Ne1 Nd2 81. Kh5 Kf2 82. Kg4 Nf1 83. Nd3+ Ke3 84. Nf4 Kf2 85. Nd3+
Kg2 86. Ne1+ Kh2 87. Nf3+ Kh1 88. Ne1 Kg1 89. Nd3 Kh2 90. Ne1 Ne3+ 91. Kf3 Nc2
92. Nxc2 g2 93. Ne3 g1=Q 0-1

[Event "World Blitz 2025"]
[Site "Doha QAT"]
[Date "2025.12.30"]
[Round "14.20"]
[White "Ponomariov, Ruslan"]
[Black "Maghsoodloo, Parham"]
[Result "1-0"]
[WhiteTitle "GM"]
[BlackTitle "GM"]
[WhiteElo "2639"]
[BlackElo "2708"]
[WhiteFideId "14103320"]
[BlackFideId "12539929"]
[EventDate "2025.12.29"]

1. e4 c5 2. Nf3 d6 3. Nc3 Nf6 4. Bc4 Nc6 5. d4 cxd4 6. Nxd4 Na5 7. Bd3 Bd7 8. h3
g6 9. Be3 Bg7 10. Qd2 h5 11. O-O-O a6 12. Kb1 Rc8 13. f4 Qc7 14. Rhe1 b5 15. Nf3
O-O 16. Bd4 e6 17. e5 Ne8 18. exd6 Qxd6 19. Bxg7 Kxg7 20. Ne4 Qc7 21. Ne5 Bc6
22. g4 Bxe4 23. Rxe4 Nf6 24. Rd4 Rfd8 25. Qf2 Qc5 26. c3 Rxd4 27. cxd4 Qd5 28.
f5 exf5 29. gxf5 Nc4 30. fxg6 Nxe5 31. dxe5 Qxe5 32. gxf7 Kxf7 33. Bc2 Qc5 34.
Bb3+ Kg6 35. Rg1+ Ng4 36. Qxc5 Rxc5 37. hxg4 1-0

[Event "World Blitz 2025"]
[Site "Doha QAT"]
[Date "2025.12.30"]
[Round "14.21"]
[White "Indjic, Aleksandar"]
[Black "Matlakov, Maxim"]
[Result "0-1"]
[WhiteTitle "GM"]
[BlackTitle "GM"]
[WhiteElo "2635"]
[BlackElo "2606"]
[WhiteFideId "911925"]
[BlackFideId "4168003"]
[EventDate "2025.12.29"]

1. e4 e5 2. Nf3 Nc6 3. Bb5 a6 4. Ba4 Nf6 5. Nc3 Be7 6. O-O b5 7. Bb3 d6 8. d3
O-O 9. a4 Rb8 10. axb5 axb5 11. h3 h6 12. Nd5 Re8 13. c3 Bf8 14. Re1 Be6 15.
Nxf6+ Qxf6 16. Ra6 Ne7 17. Bxe6 Qxe6 18. d4 Qc8 19. Ra1 Ng6 20. Qd3 exd4 21.
cxd4 c5 22. Bd2 Qb7 23. d5 Be7 24. b4 c4 25. Qc2 Ra8 26. Bc3 Nf4 27. Red1 Bf8
28. Rxa8 Rxa8 29. g3 Nd3 30. Ne1 Nxe1 31. Rxe1 Ra3 32. Ra1 Qa8 33. Rxa3 Qxa3 34.
Kg2 g6 35. f4 Qa8 36. Qd2 Bg7 37. e5 Qa3 38. h4 h5 39. Kf2 Kh7 40. Qe3 Qa2+ 41.
Kf3 Qb3 42. Kf2 Qd1 43. Qd2 Qb3 44. Qb2 Qd1 45. Qd2 Qb3 46. Kg2 Kg8 47. Bd4 Kh7
48. exd6 c3 49. Bxc3 Bxc3 50. Qd3 Qb2+ 51. Kf3 Bf6 52. Qxb5 Qc3+ 53. Kg2 Qc2+
54. Kf3 Qd1+ 55. Ke3 Bd4+ 56. Ke4 Bf6 57. f5 Qd4+ 58. Kf3 Qg4+ 59. Kf2 Bd4+ 60.
Ke1 Qxg3+ 61. Kd1 Qxd6 62. fxg6+ Qxg6 63. Kd2 Be5 64. Qd7 Bf4+ 65. Kc3 Bg3 66.
Kc4 Bxh4 67. b5 Qc2+ 68. Kd4 Bf6+ 69. Ke3 Qc3+ 70. Ke2 Qe5+ 71. Kd3 Qc3+ 72. Ke2
Qc4+ 73. Ke3 Kg7 74. Qc6 Qd4+ 75. Ke2 h4 76. b6 h3 77. b7 Qe4+ 78. Kd2 h2 79.
b8=Q Bg5+ 80. Kc3 h1=Q 81. Qg3 Qc1+ 82. Kb3 Qeb1+ 83. Ka4 Qa2+ 84. Kb5 Qcb2+ 85.
Kc5 Qaa3+ 86. Qxa3 Qxa3+ 87. Kb6 Bf4 88. Kb7 Qd6 89. Qc3+ Qe5 90. Qf3 Qc7+ 91.
Ka6 Qc8+ 92. Kb6 Qc7+ 93. Kb5 Qd7+ 94. Kc5 Qf5 95. Kb5 Kg6 96. Qg2+ Kf6 97. Qh1
Qd3+ 98. Kc6 Qc4+ 99. Kb6 Be3+ 100. Kb7 Qb5+ 101. Kc8 Qa6+ 102. Kc7 Qb6+ 103.
Kc8 Qa6+ 104. Kc7 Bf4+ 105. Kd8 Qd6+ 0-1

[Event "World Blitz 2025"]
[Site "Doha QAT"]
[Date "2025.12.30"]
[Round "14.22"]
[White "Makhnev, Denis"]
[Black "Van Foreest, Jorden"]
[Result "0-1"]
[WhiteTitle "GM"]
[BlackTitle "GM"]
[WhiteElo "2532"]
[BlackElo "2692"]
[WhiteFideId "13707647"]
[BlackFideId "1039784"]
[EventDate "2025.12.29"]

1. d4 d6 2. Nf3 g6 3. c4 Bg7 4. g3 c5 5. d5 e6 6. Nc3 Bxc3+ 7. bxc3 e5 8. e4 h6
9. Bd3 Kd7 10. a4 a5 11. Be3 b6 12. g4 Kc7 13. g5 Bg4 14. Rg1 Bh5 15. h4 Nd7 16.
Rg3 hxg5 17. hxg5 f5 18. exf5 e4 19. Bxe4 gxf5 20. Bxf5 Ne5 21. Kd2 Qf8 22. Be4
Re8 23. Qe2 Ne7 24. Rh1 Nf5 25. Bxf5 Bxf3 26. Rxh8 Qxf5 27. Rxf3 Nxf3+ 28. Qxf3
Qxf3 29. Rxe8 Qg4 30. Re7+ Kd8 31. Re6 Qxc4 32. Rxd6+ Kc7 33. Rc6+ Kb7 34. Rd6
Qxa4 35. g6 Qg4 36. Rf6 a4 37. d6 a3 38. Rf7+ Kc6 39. d7 Qh4 40. g7 Qd8 41. Rf8
Qxd7+ 42. Kc2 Qxg7 43. Ra8 Qg6+ 44. Kc1 Qg1+ 45. Kc2 Qa1 46. Bc1 a2 47. Bb2 Qb1+
48. Kb3 c4+ 0-1

[Event "World Blitz 2025"]
[Site "Doha QAT"]
[Date "2025.12.30"]
[Round "14.23"]
[White "Movahed, Sina"]
[Black "Mamedyarov, Shakhriyar"]
[Result "1-0"]
[WhiteTitle "GM"]
[BlackTitle "GM"]
[WhiteElo "2596"]
[BlackElo "2730"]
[WhiteFideId "42520835"]
[BlackFideId "13401319"]
[EventDate "2025.12.29"]

1. e4 e5 2. Nf3 Nc6 3. Bb5 a6 4. Ba4 d6 5. O-O b5 6. Bb3 Na5 7. d4 exd4 8. Re1
Be7 9. Nxd4 Nxb3 10. axb3 Bd7 11. c4 bxc4 12. bxc4 Nf6 13. Nc3 O-O 14. h3 Re8
15. Qf3 Qb8 16. Bg5 h6 17. Bh4 c6 18. Nf5 Bxf5 19. exf5 Qxb2 20. Rab1 Qd2 21.
Rbd1 Qc2 22. Re2 Qb3 23. Rde1 Bf8 24. Bxf6 Rxe2 25. Rxe2 gxf6 26. Qxc6 Rb8 27.
Re3 Qc2 28. Rg3+ Kh8 29. Qc7 Rb2 30. Qxf7 1-0

[Event "World Blitz 2025"]
[Site "Doha QAT"]
[Date "2025.12.30"]
[Round "14.24"]
[White "Murzin, Volodar"]
[Black "Grandelius, Nils"]
[Result "0-1"]
[WhiteTitle "GM"]
[BlackTitle "GM"]
[WhiteElo "2648"]
[BlackElo "2664"]
[WhiteFideId "44155573"]
[BlackFideId "1710400"]
[EventDate "2025.12.29"]

1. e4 c5 2. Nf3 Nc6 3. Bb5 e6 4. O-O Nge7 5. Re1 Ng6 6. c3 a6 7. Ba4 c4 8. Bc2
Nce5 9. d4 cxd3 10. Bxd3 Bc5 11. Nxe5 Nxe5 12. Be3 Bxe3 13. Rxe3 Qb6 14. Qc2 O-O
15. Nd2 Qc7 16. Be2 b5 17. Nf3 Ng4 18. Rd3 Bb7 19. Rd4 f5 20. Rad1 Bxe4 21. Qd2
Bxf3 22. Bxf3 Qxh2+ 23. Kf1 Ne5 24. Bxa8 Rxa8 25. Qf4 Qxf4 26. Rxf4 Kf7 27. Rfd4
d5 28. b3 Rc8 29. Rc1 g5 30. Ke2 Kf6 31. Rdd1 h5 32. Rc2 h4 33. Ra1 d4 34. Rd1
d3+ 35. Rxd3 Nxd3 36. Kxd3 e5 37. c4 bxc4+ 38. bxc4 Rc5 39. Kc3 g4 40. Kb4 Rc8
41. c5 h3 42. gxh3 gxh3 43. Rc3 Rh8 44. Rc1 h2 45. Rh1 Ke6 46. Ka5 Kd5 47. Kb6
Rh6+ 0-1

[Event "World Blitz 2025"]
[Site "Doha QAT"]
[Date "2025.12.30"]
[Round "14.25"]
[White "Radjabov, Teimour"]
[Black "Hovhannisyan, Robert"]
[Result "1-0"]
[WhiteTitle "GM"]
[BlackTitle "GM"]
[WhiteElo "2692"]
[BlackElo "2621"]
[WhiteFideId "13400924"]
[BlackFideId "13302507"]
[EventDate "2025.12.29"]

1. e4 e5 2. Nf3 Nc6 3. Bc4 Bc5 4. d3 Nf6 5. O-O d6 6. Be3 Bxe3 7. fxe3 O-O 8.
Nbd2 Na5 9. Bb3 Nxb3 10. axb3 Be6 11. Qe1 h6 12. Qg3 Nh5 13. Qf2 Nf6 14. Ne1 Ng4
15. Qg3 Qg5 16. Rf3 Nf6 17. Qf2 Bg4 18. Rg3 Nh5 19. Nef3 Qg6 20. Nh4 Qe6 21. Rf1
Nxg3 22. Qxg3 Bh5 23. Nf5 Bg6 24. h4 h5 25. Nf3 Bxf5 26. Ng5 Qh6 27. exf5 f6 28.
Ne6 Rf7 29. Qf3 c6 30. Ra1 a6 31. b4 Re8 32. c4 Rfe7 33. b5 axb5 34. cxb5 d5 35.
bxc6 bxc6 36. b4 d4 37. exd4 exd4 38. Re1 Qd2 39. Re4 Qxb4 40. Qxh5 Qb5 41. Qf3
Qd5 42. Qg4 c5 43. h5 Kh8 44. h6 gxh6 45. Qg6 Rxe6 46. Qxh6+ Kg8 47. Rg4+ 1-0

[Event "World Blitz 2025"]
[Site "Doha QAT"]
[Date "2025.12.30"]
[Round "14.26"]
[White "Gurel, Ediz"]
[Black "Moussard, Jules"]
[Result "1-0"]
[WhiteTitle "GM"]
[BlackTitle "GM"]
[WhiteElo "2645"]
[BlackElo "2600"]
[WhiteFideId "44507356"]
[BlackFideId "642908"]
[EventDate "2025.12.29"]

1. e4 d6 2. d4 Nf6 3. Nc3 e5 4. Nf3 Nbd7 5. Rg1 g6 6. g4 exd4 7. Nxd4 Bg7 8. Be3
O-O 9. g5 Ne8 10. Qd2 c5 11. Nf3 Qe7 12. O-O-O Nb6 13. h4 Bd7 14. h5 Bc6 15. Re1
Rd8 16. Bd3 Nc7 17. Nh4 d5 18. Nf5 gxf5 19. exf5 f6 20. gxf6 Qxf6 21. Bg5 Kh8
22. Bxf6 Bxf6 23. Qf4 Rf7 24. Re6 Bxc3 25. bxc3 Nxe6 26. Qe5+ Ng7 27. h6 Re8 28.
hxg7+ Kg8 29. Qh2 c4 30. Rh1 Kxg7 31. f6+ Kxf6 32. Qd6+ Re6 33. Rh6+ Kg7 34.
Rxh7+ Kf6 35. Qf4+ 1-0

[Event "World Blitz 2025"]
[Site "Doha QAT"]
[Date "2025.12.30"]
[Round "14.27"]
[White "Isanzhulov, Arystan"]
[Black "Safarli, Eltaj"]
[Result "1/2-1/2"]
[WhiteTitle "IM"]
[BlackTitle "GM"]
[WhiteElo "2419"]
[BlackElo "2644"]
[WhiteFideId "13711644"]
[BlackFideId "13402129"]
[EventDate "2025.12.29"]

1. e4 e5 2. Nf3 Nc6 3. Nc3 Nf6 4. a3 g6 5. Bc4 Bg7 6. d3 d6 7. Nd5 h6 8. O-O O-O
9. h3 Nh5 10. g4 Nf4 11. Nxf4 exf4 12. Bxf4 Be6 13. Rb1 d5 14. Bb5 dxe4 15. dxe4
Qf6 16. Bxc7 Rac8 17. Bg3 Rfd8 18. Qe2 Nd4 19. Nxd4 Qxd4 20. Rfd1 Qc5 21. Rxd8+
Rxd8 22. a4 Qb4 23. Bd3 Qxa4 24. Qe1 Qc6 25. b3 b5 26. Qe2 a6 27. Rd1 Qc3 28.
Bf4 Kh7 29. Be3 Qc7 30. Qf3 Be5 31. Kg2 Kg7 32. Bd2 Rh8 33. Be3 h5 34. Rh1 hxg4
35. hxg4 Rxh1 36. Kxh1 a5 37. Bxb5 Qxc2 38. Ba4 Kg8 39. Bb6 Qc1+ 40. Kg2 Qd2 41.
Qe3 Qd1 42. Qf3 Qd2 43. Qe3 Qd6 44. Bxa5 Bxg4 45. Bc3 Bxc3 46. Qxc3 Qf4 47. Bc6
Be6 48. b4 Qg5+ 49. Qg3 Qc1 50. b5 Bc4 51. Qb8+ Kg7 52. Qe5+ Kg8 53. Qe8+ Kg7
54. Qe5+ Kg8 55. Qb8+ Kg7 56. Qe5+ Kh7 57. Qh2+ Kg8 58. Qb8+ Kg7 59. Qe5+ Kg8
60. Qb8+ 1/2-1/2

[Event "World Blitz 2025"]
[Site "Doha QAT"]
[Date "2025.12.30"]
[Round "14.28"]
[White "Pranav, V"]
[Black "Ahmad, Khagan"]
[Result "0-1"]
[WhiteTitle "GM"]
[BlackTitle "IM"]
[WhiteElo "2641"]
[BlackElo "2472"]
[WhiteFideId "25060783"]
[BlackFideId "13431552"]
[EventDate "2025.12.29"]

1. d4 Nf6 2. Nf3 d5 3. Bg5 Nbd7 4. Nbd2 h6 5. Bh4 c5 6. e3 e6 7. c3 Be7 8. Bd3
Nh5 9. Bxe7 Qxe7 10. O-O O-O 11. Ne5 Nhf6 12. f4 b6 13. Qf3 a5 14. a4 Ba6 15.
Bxa6 Rxa6 16. Rae1 Raa8 17. Qe2 Ne8 18. Qb5 Nxe5 19. fxe5 Rb8 20. Qe2 Nc7 21.
Nf3 b5 22. axb5 Rxb5 23. Ra1 Rfb8 24. Ra2 Ne8 25. h3 Qb7 26. Rf2 f5 27. Qd1 Nc7
28. Ne1 c4 29. g4 fxg4 30. Qxg4 Rf8 31. Rxf8+ Kxf8 32. Qg2 Kg8 33. Nf3 Ne8 34.
Nh4 Qf7 35. Ng6 Kh7 36. Nf4 g5 37. Ne2 Qf5 38. e4 dxe4 39. Ng3 Qf3 40. Nxe4 Qe3+
41. Kh2 Qf4+ 42. Ng3 Ng7 43. Qe4+ Qxe4 44. Nxe4 Nf5 45. Kg2 Ne3+ 46. Kf3 Nd1 47.
Ra1 Nxb2 48. Nd6 Rb3 49. Rxa5 Rxc3+ 50. Ke4 Nd1 51. d5 Rd3 52. dxe6 Kg6 53. Nxc4
Nf2# 0-1

[Event "World Blitz 2025"]
[Site "Doha QAT"]
[Date "2025.12.30"]
[Round "14.29"]
[White "Makarian, Rudik"]
[Black "Stribuk, Artiom"]
[Result "1-0"]
[WhiteTitle "GM"]
[BlackTitle "IM"]
[WhiteElo "2524"]
[BlackElo "2476"]
[WhiteFideId "44105681"]
[BlackFideId "13515659"]
[EventDate "2025.12.29"]

1. e4 c5 2. Nf3 d6 3. Nc3 Nc6 4. Be2 e5 5. Bc4 Be7 6. d3 Nf6 7. Bg5 Nd7 8. Bd2
O-O 9. a4 Nb6 10. Bb3 Be6 11. Bxe6 fxe6 12. O-O Nd7 13. Ne2 Bf6 14. Ng3 Qe7 15.
c3 a6 16. b4 cxb4 17. cxb4 b5 18. Qb3 Kh8 19. Rfc1 Rac8 20. axb5 axb5 21. Be3 d5
22. Bc5 Nxc5 23. Rxc5 Nxb4 24. Rxb5 Nc2 25. Rd1 d4 26. Rb7 Qd6 27. Rb6 Rc3 28.
Qxc3 1-0

[Event "World Blitz 2025"]
[Site "Doha QAT"]
[Date "2025.12.30"]
[Round "14.30"]
[White "Stefansson, Vignir Vatnar"]
[Black "Samunenkov, Ihor"]
[Result "0-1"]
[WhiteTitle "GM"]
[BlackTitle "GM"]
[WhiteElo "2519"]
[BlackElo "2584"]
[WhiteFideId "2308649"]
[BlackFideId "14187086"]
[EventDate "2025.12.29"]

1. d4 Nf6 2. c4 e6 3. g3 d5 4. Bg2 Be7 5. Nf3 O-O 6. Nc3 c6 7. O-O a5 8. Qd3 b6
9. b3 Ba6 10. Bb2 Nbd7 11. Rfd1 a4 12. Rac1 axb3 13. axb3 b5 14. cxb5 cxb5 15.
Qd2 b4 16. Na4 Bb5 17. Nc5 Nxc5 18. dxc5 Ra2 19. Nd4 Qb8 20. Qxb4 Rxb2 21. Nxb5
Rxe2 22. Bf1 Ra2 23. Qd4 Ne4 24. c6 Bf6 25. Qb4 Qb6 26. Rd4 Rc8 27. Bg2 Bxd4 28.
Bxe4 Bxf2+ 29. Kh1 dxe4 30. c7 h5 31. Rd1 Rxc7 32. Qxe4 Rc8 33. Rd6 Qxb5 0-1

[Event "World Blitz 2025"]
[Site "Doha QAT"]
[Date "2025.12.30"]
[Round "14.31"]
[White "Bortnyk, Olexandr"]
[Black "Warmerdam, Max"]
[Result "1/2-1/2"]
[WhiteTitle "GM"]
[BlackTitle "GM"]
[WhiteElo "2601"]
[BlackElo "2573"]
[WhiteFideId "14120828"]
[BlackFideId "1048104"]
[EventDate "2025.12.29"]

1. e4 c5 2. c3 Nf6 3. e5 Nd5 4. Nf3 Nc6 5. Bb5 e6 6. O-O Be7 7. d4 cxd4 8. cxd4
d6 9. Nbd2 O-O 10. Re1 Qb6 11. exd6 Qxb5 12. dxe7 Ndxe7 13. Ne4 Rd8 14. Bg5 b6
15. a4 Qb4 16. Rc1 Bb7 17. Bd2 Qxb2 18. Bc3 Qa2 19. Nfg5 h6 20. Qh5 Ng6 21. d5
Qxd5 22. Re3 Nd4 23. Bxd4 Qxd4 24. Nxe6 fxe6 25. Qxg6 Bxe4 26. Rxe4 Qf6 27. Qxf6
gxf6 28. Rxe6 Kf7 29. Rec6 Rd7 30. h4 Rad8 31. a5 Rd1+ 32. Rxd1 Rxd1+ 33. Kh2
bxa5 34. Rc7+ Kg6 35. Rxa7 Ra1 36. Kg3 h5 37. f3 a4 38. Kf4 a3 39. g3 a2 40. Ra5
Kg7 41. Ra8 Kg6 42. Ra7 Kh6 43. Ra3 Kg6 44. Ra6 Kg7 1/2-1/2

[Event "World Blitz 2025"]
[Site "Doha QAT"]
[Date "2025.12.30"]
[Round "14.32"]
[White "Niemann, Hans Moke"]
[Black "Ponkratov, Pavel"]
[Result "1-0"]
[WhiteTitle "GM"]
[BlackTitle "GM"]
[WhiteElo "2725"]
[BlackElo "2587"]
[WhiteFideId "2093596"]
[BlackFideId "4157800"]
[EventDate "2025.12.29"]

1. e4 e5 2. Nf3 Nc6 3. Bb5 a6 4. Ba4 b5 5. Bb3 Na5 6. O-O d6 7. d4 exd4 8. Nxd4
Bb7 9. Bd2 Nxb3 10. axb3 Nf6 11. Re1 Be7 12. Nc3 O-O 13. Nf5 Re8 14. f3 Nd7 15.
Nxe7+ Qxe7 16. Be3 Qe6 17. Qd2 Rad8 18. Ne2 Ne5 19. Nf4 Qf6 20. Rad1 h6 21. Nd5
Bxd5 22. Qxd5 c6 23. Qd2 d5 24. f4 Nd7 25. e5 Qf5 26. Qd3 Qxd3 27. cxd3 c5 28.
d4 c4 29. Ra1 Ra8 30. bxc4 bxc4 31. Ra5 Nb6 32. Bd2 Reb8 33. Rea1 f5 34. Rxa6
Rxa6 35. Rxa6 Nc8 36. Bc3 Ne7 37. Kf2 Kf7 38. h3 h5 39. Kg3 g6 40. Kh4 Rc8 41.
Rf6+ Kg7 42. Kg5 Rb8 43. Ra6 Kf7 44. e6+ Ke8 45. Kf6 1-0